| 000 | 00391nam a2200157Ia 4500 | ||
|---|---|---|---|
| 008 | 210716s1994 xx 000 0 und d | ||
| 020 | _a8170294762 | ||
| 041 | _aeng | ||
| 082 | _a005.3002 CHET | ||
| 100 | _aChester, Thomas. | ||
| 245 | _aMastering excel 5 for windows. | ||
| 250 | _a1 | ||
| 260 |
_aNew Delhi _bBPB Publications _c1994 |
||
| 300 | _axli,895 | ||
| 650 | _aPrograms(005.3) | ||
| 999 |
_c187822 _d187822 |
||